Kids, brains & learning; what goes wrong--prevention and treatment (Record no. 1221)

MARC details
000 -LEADER
fixed length control field 00568nam a2200181 a 4500
005 - DATE AND TIME OF LATEST TRANSACTION
control field 20260322212051.0
008 - FIXED-LENGTH DATA ELEMENTS--GENERAL INFORMATION
fixed length control field data
010 ## - LIBRARY OF CONGRESS CONTROL NUMBER
LC control number 76-079767
020 ## - INTERNATIONAL STANDARD BOOK NUMBER
International Standard Book Number 910812039
096 ## - LOCALLY ASSIGNED NLM-TYPE CALL NUMBER (OCLC)
Classification number WS 105 W961k 1970
001 - CONTROL NUMBER
control field data
100 1# - MAIN ENTRY--PERSONAL NAME
Personal name Wunderlich, Ray C.,
Dates associated with a name 1929-
245 10 - TITLE STATEMENT
Title Kids, brains & learning; what goes wrong--prevention and treatment
Statement of responsibility, etc. Ray C. Wunderlich.
260 ## - PUBLICATION, DISTRIBUTION, ETC.
Place of publication, distribution, etc. St. Petersburg, Fla.
Name of publisher, distributor, etc. Johnny Reads
Date of publication, distribution, etc. 1970
300 ## - PHYSICAL DESCRIPTION
Extent ix, 534 p. :
Other physical details illus. ;
Dimensions 24 cm.
500 ## - GENERAL NOTE
General note Bibliography: p. 515-516.
650 02 - SUBJECT ADDED ENTRY--TOPICAL TERM
Topical term or geographic name entry element Disabled Children
General subdivision education
Form subdivision handbooks, manuals, etc.
Holdings
Withdrawn status Lost status Damaged status Not for loan Home library Current library Shelving location Date acquired Total checkouts Full call number Barcode Date last seen Price effective from Koha item type
        Fairview Fairview General stacks 22/03/2026   GEN BC0011261 22/03/2026 22/03/2026 Books